00337nam a2200109Ia 4500008004100000082002000041100002000061245005200081260003500133300001000168650004900178211119s9999||||xx |||||||||||||| ||und|| a616.0577bATL-M aAtlas, Ronald M 0aMicrobial Ecology:Fundamentals and Applications bPearson EducationaIndiac1998 a694p. aTechnologyvAgricultureBotanyxGeneral Stack